| 000 | 03257nam a2200265 a 4500 | ||
|---|---|---|---|
| 001 | 000015090 | ||
| 005 | 20240304103305.0 | ||
| 008 | 100201s2004 dr r 001 0 spa d | ||
| 040 |
_aDO-SdBNP _bspa _cBNPHU |
||
| 082 |
_a363.7 _bS446e |
||
| 245 | 0 | 3 |
_aLa Secretaría de Estado de Medio Ambiente y Recursos Naturales en el escenario internacional / _ccoordinación y redacción Félix Fernández ; edición Jeannette Canals. |
| 260 |
_aSanto Domingo : _bLa Unión, _c2004. |
||
| 300 |
_a127 p. ; _a23n cm. |
||
| 504 | _aIncluye referencias bibliográficas y notas al pie de páginas. | ||
| 505 | 0 |
_gIntroducción -- _tCompromisos internacionales de la República Dominicana relativos al medio ambiente y los recursos naturales: _tConvenio de Basilea sobre el Control de Movimientos Transfronterizos de los Desechos Peligrosos y su eliminación -- _tConvención Oceanográfica Intergubernamental (COI) -- _tConvención de Viena para la Protección de la Capa de Ozono -- _tProtocolo de Montreal relativo a las sustancias que agotan la capa de ozono -- _tConvención marco de las Naciones Unidas sobre el cambio climático -- _tConvención sobre Diversidad Biológica -- _tProtocolo de Cartagena sobre Seguridad de la Biotecnología -- _tConvención sobre Comercio Internacional de Especies Amenazadas de Fauna y Flora Silvestres (CITES) -- _tProtocolo de Kyoto de la Convención Marco de las Naciones Unidas sobre cambio climático -- _tPanel intergubernamental sobre Cambio Climático (IPCC) _tConvención de las Naciones Unidas de lucha contra la desertificación y la sequía -- _tConvención relativa a los humedales de importancia internacional, especialmente como hábitat de aves acuáticas (RAMSAR) -- _tConvención para la Protección y el Desarrollo del Medio Marino en la Región del Gran Caribe (Convenio de Cartagena) -- _tProtocolo concerniente a fuentes de contaminación marina procedente de fuentes y actividades terrestres -- _tProtocolo relativo a las Áreas y Flora y Fauna Silvestres especialmente protegidas del Convenio para la Protección y el Desarrollo del Medio Marino de la Región del Gran Caribe (SPAW) -- |
|
| 505 | 0 |
_tProtocolo concerniente al Derrame de Hidrocarburos -- _tConvención para la Prevención de la Contaminación Marina por Descarga de Desechos y otras Sustancias (MARPOL) -- _tConvenio de Rotterdam sobre procedimiento de consentimiento previo fundamentado aplicable a ciertos plaguicidas y productos químicos peligrosos objeto de comercio internacional -- _tConvención de Estocolmo sobre Contaminantes Orgánicos Persistentes (POPs) -- _tRed de Formación Ambiental en América Latina -- _tGlobal Environment Fund (GEF) -- _tComisión Forestal de América Latina y el Caribe (COFLAC) - _tForo de Bosques de las Naciones Unidas -- _gAnexos. |
|
| 590 | _aInventariado, 2018/BT | ||
| 650 | 4 |
_aProtección del medio ambiente _xTratados _934171 |
|
| 650 | 4 |
_aAdhesión a tratados _zRepública Dominicana _934172 |
|
| 651 | 4 |
_aRepública Dominicana _xTratados Internacionales _99650 |
|
| 700 | 1 |
_aFernández, Félix, _ecoord. _911384 |
|
| 700 | 1 |
_aCanals, Jeannette, _eed. _910203 |
|
| 710 | 1 |
_aRepública Dominicana. _b Secretaría de Estado de Medio Ambiente y Recursos Naturales _914503 |
|
| 910 | _aValidado. Control de calidad. EMS | ||
| 999 |
_c14662 _d14662 |
||